|
|
|
|
| LEADER |
00685nam a2200193 i 4500 |
| 001 |
acta38273 |
| 005 |
20230327094157.0 |
| 008 |
161201s1997 hu o 0|| hun d |
| 040 |
|
|
|a SZTE Egyetemi Kiadványok Repozitórium
|b hun
|
| 041 |
|
|
|a hun
|
| 245 |
0 |
0 |
|a Vikingek az Angolszász Krónikában
|h [elektronikus dokumentum]
|
| 260 |
|
|
|a JATE Történész Diákkör
|b Szeged
|c 1997
|
| 300 |
|
|
|a 60
|c 20 cm
|
| 490 |
0 |
|
|a Documenta Historica
|
| 650 |
|
4 |
|a Bölcsészettudományok
|
| 650 |
|
4 |
|a Történettudomány és régészet
|
| 695 |
|
|
|a Vikingek története - 9-12. sz. - forrás
|
| 700 |
0 |
1 |
|a Rimaszombati Károly
|
| 856 |
4 |
0 |
|u http://acta.bibl.u-szeged.hu/38273/1/doc_031.pdf
|z Dokumentum-elérés
|